Catálogo de publicaciones del Instituto de Prehistoria y Arqueología de la Diputacion Provincial de Barcelona [para intercambio y venta]
Descripción Física:
12 p. : il. ; 19 cm
MARC
| LEADER | 00000nam a2200000Ia 4500 | ||
|---|---|---|---|
| 001 | 9362 | ||
| 008 | 160829s1969 xx 000 0 cat d | ||
| 080 | |a FU-10-38 | ||
| 110 | 2 | |a Instituto de Prehistoria y Arqueología (Barcelona, Catalunya) |9 54255 | |
| 245 | |a Catálogo de publicaciones del Instituto de Prehistoria y Arqueología de la Diputacion Provincial de Barcelona [para intercambio y venta] | ||
| 260 | |a Barcelona : |b l'Institut, |c 1969 | ||
| 300 | |a 12 p. : |b il. ; |c 19 cm | ||
| 650 | |a Institut de Prehistòria i Arqueologia (Barcelona) |x Catàlegs |9 24690 | ||
| 901 | |a Arxiu | ||
| 942 | |n 1 |2 udc | ||
| 952 | |0 0 |1 0 |4 0 |6 FU1038 |7 1 |9 43267 |a Arxiu |b Arxiu |d 2016-12-01 |l 0 |o FU-10-38 |p 9362 |r 2016-12-01 00:00:00 |w 2016-12-01 |y ARXIU | ||
| 999 | |c 45812 |d 45812 | ||